|
|
|
|
| LEADER |
00000caa a2200000 c 4500 |
| 001 |
1521143110 |
| 003 |
DE-627 |
| 005 |
20250606115919.0 |
| 007 |
cr uuu---uuuuu |
| 008 |
151105s1993 xx |||||oo 00| ||ger c |
| 035 |
|
|
|a (DE-627)1521143110
|
| 035 |
|
|
|a (DE-576)451143116
|
| 035 |
|
|
|a (DE-599)BSZ451143116
|
| 040 |
|
|
|a DE-627
|b ger
|c DE-627
|e rakwb
|
| 041 |
|
|
|a ger
|
| 084 |
|
|
|a 1
|2 ssgn
|
| 100 |
1 |
|
|0 (DE-588)112722822
|0 (DE-627)73326428X
|0 (DE-576)164951148
|4 aut
|a Honée, Eugène
|d 1934-
|
| 109 |
|
|
|a Honée, Eugène 1934-
|a Honée, E. M. V. M. 1934-
|a Honée, Eugène Marie Victor Mathieu 1934-
|
| 245 |
1 |
0 |
|a Burrows, Mark S., Jean Gerson and De Consolatione Theologiae (1418)
|b [Rezension]
|c Eugène Honée
|
| 264 |
|
1 |
|c 1993
|
| 336 |
|
|
|a Text
|b txt
|2 rdacontent
|
| 337 |
|
|
|a Computermedien
|b c
|2 rdamedia
|
| 338 |
|
|
|a Online-Ressource
|b cr
|2 rdacarrier
|
| 533 |
|
|
|a Online-Ausg.
|d 2015
|e Online-Ressource
|7 |2015||||||||||
|
| 601 |
|
|
|a Gerson, Jean
|
| 601 |
|
|
|a Rezension
|
| 655 |
|
7 |
|a Rezension
|0 (DE-588)4049712-4
|0 (DE-627)106186019
|0 (DE-576)209083166
|2 gnd-content
|
| 773 |
0 |
8 |
|i In
|t Theologische Literaturzeitung
|d Leipzig : Evangelische Verl.-Anst., 1876
|g 118(1993), 1, Seite 35-37
|h Online-Ressource
|w (DE-627)320517764
|w (DE-600)2014174-9
|w (DE-576)094449406
|x 0040-5671
|7 nnas
|
| 773 |
1 |
8 |
|g volume:118
|g year:1993
|g number:1
|g pages:35-37
|
| 776 |
0 |
8 |
|i Erscheint auch als
|n Druck-Ausgabe
|a Honée, Eugène, 1934 -
|t Burrows, Mark S., Jean Gerson and De Consolatione Theologiae (1418)
|d 1993
|w (DE-627)146210813X
|w (DE-576)392108135
|k Non-Electronic
|
| 787 |
0 |
8 |
|i Rezension von
|a Burrows, Mark S., 1955 -
|t Jean Gerson and De consolatione theologiae
|d Tübingen : Mohr, 1991
|h XIII, 312 S
|w (DE-627)118797565
|w (DE-576)021668418
|z 3161456009
|
| 856 |
4 |
0 |
|u https://opendigi.ub.uni-tuebingen.de/opendigi/thlz_118_1993#p=030
|x Digitalisierung
|z kostenfrei
|3 Volltext
|7 0
|
| 935 |
|
|
|h SWB
|i ld
|
| 951 |
|
|
|a AR
|
| ELC |
|
|
|a 1
|
| ITA |
|
|
|a 1
|t 1
|
| LOK |
|
|
|0 000 xxxxxcx a22 zn 4500
|
| LOK |
|
|
|0 001 2871181071
|
| LOK |
|
|
|0 003 DE-627
|
| LOK |
|
|
|0 004 1521143110
|
| LOK |
|
|
|0 005 20151105000000
|
| LOK |
|
|
|0 008 151105||||||||||||||||ger|||||||
|
| LOK |
|
|
|0 040
|a DE-21
|c DE-627
|d DE-21
|
| LOK |
|
|
|0 852
|a DE-21
|
| LOK |
|
|
|0 852 1
|9 00
|
| LOK |
|
|
|0 935
|a theo
|a ixrz
|
| LOK |
|
|
|0 939
|a 05-11-15
|b l01
|
| OAS |
|
|
|a 1
|
| ORI |
|
|
|a SA-MARC-ixtheoa001.raw
|